Strukturnyje preobrazovanija i investicionnaja politika v stranach s rynočnoj ekonomikoj.
Príčiny zoslabenia investičnej činnosti západoeurópskych štátov v 1. polovici 80. rokov. Dve etapy štruktúrnej prestavby: 1. prechod k technológiám šetriacim zdroje a modernizácia základných prostriedkov, 2. proces elektronizácie hospodárstva. Medziodvetvové premiesťovanie kapitálu.
Salvato in:
| Autore principale: | |
|---|---|
| Natura: | Capitolo di libro |
| Lingua: | russo |
| Soggetti: | |
| Tags: |
Nessun Tag, puoi essere il primo ad aggiungerne!!
|
MARC
| LEADER | 00000naa a2200000 4500 | ||
|---|---|---|---|
| 001 | r005242 | ||
| 005 | 20221130103922.0 | ||
| 041 | 0 | |a rus | |
| 044 | |a [SU] | ||
| 245 | 1 | 0 | |a Strukturnyje preobrazovanija i investicionnaja politika v stranach s rynočnoj ekonomikoj. |c L. Nočevkina |
| 520 | |a Príčiny zoslabenia investičnej činnosti západoeurópskych štátov v 1. polovici 80. rokov. Dve etapy štruktúrnej prestavby: 1. prechod k technológiám šetriacim zdroje a modernizácia základných prostriedkov, 2. proces elektronizácie hospodárstva. Medziodvetvové premiesťovanie kapitálu. | ||
| 610 | 2 | 0 | |a zmeny štruktúrne |
| 610 | 2 | 0 | |a politika investičná |
| 610 | 2 | 0 | |a modernizácia zariadenia výrobného |
| 610 | 2 | 0 | |a elektronizácia |
| 610 | 2 | 0 | |a pohyb kapitálu |
| 610 | 2 | 0 | |a západná Európa |
| 100 | 1 | |a Nočevkina, L. | |